Every F1 World Champion, age, team and number of wins. - Statistics

General Stats
  • This quiz has been taken 17 times
  • The average score is 103 of 225
Answer Stats
Hint Answer % Correct
2020 Lewis Hamilton
100%
2019 Lewis Hamilton
100%
2018 Lewis Hamilton
100%
2017 Lewis Hamilton
100%
2024 Max Verstappen
100%
2023 Max Verstappen
100%
2022 Max Verstappen
100%
2021 Max Verstappen
100%
2006 Fernando Alonso
91%
2005 Fernando Alonso
91%
2009 Jesson Button
91%
2007 Kimi Räikkönen
91%
2015 Lewis Hamilton
91%
2014 Lewis Hamilton
91%
2008 Lewis Hamilton
91%
2004 Michael Schumacher
91%
2016 Nico Rosberg
91%
2013 Sebastian Vettel
91%
2012 Sebastian Vettel
91%
2011 Sebastian Vettel
91%
2010 Sebastian Vettel
91%
1996 Damon Hill
82%
2003 Michael Schumacher
82%
2002 Michael Schumacher
82%
2001 Michael Schumacher
82%
2000 Michael Schumacher
82%
1993 Alan Prost
73%
1989 Alan Prost
73%
1991 Ayrton Senna
73%
1990 Ayrton Senna
73%
1988 Ayrton Senna
73%
1997 Jacques Villeneuve
73%
1995 Michael Schumacher
73%
1994 Michael Schumacher
73%
1999 Mika Häkkinen
73%
1998 Mika Häkkinen
73%
1987 Nelson Piquet
73%
1992 Nigel Mansell
73%
1980 Alan Jones
64%
1986 Alan Prost
64%
1985 Alan Prost
64%
1984 Niki Lauda
64%
Team Ferrari
55%
Team Ferrari
55%
Team Ferrari
55%
Team Ferrari
55%
Team Ferrari
55%
Team Ferrari
55%
1950 Giuseppe Farina
55%
1976 James Hunt
55%
1957 Juan Manuel Fangio
55%
1956 Juan Manuel Fangio
55%
1955 Juan Manuel Fangio
55%
1954 Juan Manuel Fangio
55%
1951 Juan Manuel Fangio
55%
1982 Keke Rosberg
55%
1978 Mario Andretti
55%
Team McLaren
55%
Team Mercedes
55%
Team Mercedes
55%
Team Mercedes
55%
Team Mercedes
55%
Team Mercedes
55%
Team Mercedes
55%
Team Mercedes
55%
1977 Niki Lauda
55%
1975 Niki Lauda
55%
Team Red Bull
55%
Team Red Bull
55%
Team Red Bull
55%
Team Red Bull
55%
Team Red Bull
55%
Team Red Bull
55%
Team Red Bull
55%
Team Red Bull
55%
Team Renault
55%
Team Renault
55%
1953 Alberto Ascari
45%
1952 Alberto Ascari
45%
Team Benetton
45%
Team Benetton
45%
Team Brawn GP
45%
1967 Denny Hulme
45%
1974 Emerson Fittipaldi
45%
1972 Emerson Fittipaldi
45%
Team Ferrari
45%
Team Ferrari
45%
1968 Graham Hill
45%
1962 Graham Hill
45%
1966 Jack Brabham
45%
1960 Jack Brabham
45%
1959 Jack Brabham
45%
1973 Jackies Stewart
45%
1971 Jackie Stewart
45%
1969 Jackie Stewart
45%
1965 Jim Clark
45%
1963 Jim Clark
45%
1970 Jochen Rindt
45%
1964 John Surtees
45%
Team McLaren
45%
Team McLaren
45%
Team McLaren
45%
Team McLaren
45%
Team McLaren
45%
Team McLaren
45%
Team McLaren
45%
Team McLaren
45%
Team McLaren
45%
Team McLaren
45%
1958 Mike Hawthorn
45%
1983 Nelson Piquet
45%
1981 Nelson Piquet
45%
1961 Phil Hill
45%
Team Williams
45%
Team Williams
45%
Team Williams
45%
Team Williams
45%
Team Williams
45%
Age 23
36%
Age 23
36%
Age 24
36%
Age 24
36%
Age 25
36%
Age 25
36%
Age 26
36%
Age 26
36%
Age 26
36%
Age 27
36%
Age 28
36%
Age 29
36%
Age 30
36%
Age 31
36%
Age 32
36%
Age 33
36%
Age 34
36%
Age 35
36%
Age 40
36%
Age 43
36%
Age 44
36%
Age 45
36%
Age 46
36%
Team Alfa Romeo
36%
Team Alfa Romeo
36%
Team Ferrari
36%
Team Ferrari
36%
Team Ferrari
36%
Team Ferrari
36%
Team Maserati
36%
Team McLaren
36%
Team Mercedes
36%
Team Williams
36%
Team Williams
36%
Age 24
27%
Age 25
27%
Age 25
27%
Age 25
27%
Age 26
27%
Age 26
27%
Age 27
27%
Age 27
27%
Age 28
27%
Age 28
27%
Age 29
27%
Age 29
27%
Age 29
27%
Age 29
27%
Age 30
27%
Age 30
27%
Age 30
27%
Age 31
27%
Age 31
27%
Age 31
27%
Age 32
27%
Age 32
27%
Age 33
27%
Age 33
27%
Age 33
27%
Age 34
27%
Age 34
27%
Age 34
27%
Age 34
27%
Age 34
27%
Age 35
27%
Age 35
27%
Age 35
27%
Age 36
27%
Age 38
27%
Age 39
27%
Age 40
27%
Age 44
27%
Team Brabham
27%
Team Brabham
27%
Team Brabham
27%
Team Brabham
27%
Team BRM
27%
Team Cooper
27%
Team Cooper
27%
Team Ferrari
27%
Team Ferrari
27%
Team Ferrari
27%
Team Lotus
27%
Team Lotus
27%
Team Lotus
27%
Team Lotus
27%
Team Lotus
27%
Team Lotus
27%
Team Matra
27%
Team Tyrrell
27%
Team Tyrrell
27%
Age 28
18%
Age 29
18%
Age 30
18%
Age 30
18%
Age 30
18%
Age 31
18%
Age 31
18%
Age 31
18%
Age 34
18%
Age 34
18%
Age 34
18%
Age 35
18%
Age 38
18%
Age 39
18%
1979 Jody Schecter
0%
Team Maserati and Mercedes
0%
No matching quizzes found
Score Distribution
Percent of People with Each Score
Percentile by Number Answered
Your Score History
You have not taken this quiz